¿Quién dijo totalitarismo? : cinco intervenciones sobre el mal uso de una noción /

সংরক্ষণ করুন:
গ্রন্থ-পঞ্জীর বিবরন
প্রধান লেখক: Žižek, Slavoj (autor)
বিন্যাস: গ্রন্থ
ভাষা:স্প্যানিশ
প্রকাশিত: Valencia, España : Pre-Textos, 2002, c2002
মালা:(Pre-Textos ; Ensayo) 611.
বিষয়গুলি:
ট্যাগগুলো: ট্যাগ যুক্ত করুন
কোনো ট্যাগ নেই, প্রথমজন হিসাবে ট্যাগ করুন!

MARC

LEADER 00000nam^a2200000^a^4500
001 000154670
005 20250521000000.0
009 20260310100401.556
020 |a 84-8191-503-3 
037 |a Acervo ITESO - Biblioteca 
041 |a ESP 
082 |a 149. 96  |b ZIZ OBR QUI 
100 |a Žižek, Slavoj  |e (autor) 
245 1 0 |a ¿Quién dijo totalitarismo? :  |b cinco intervenciones sobre el mal uso de una noción /  |c S. Žižek ; notas y tr. por Antonio Gimeno Cuspinera. 
264 4 |a Valencia, España :  |b Pre-Textos,  |c 2002, c2002 
300 |a 299 p. 
336 |a texto  |b txt  |2 rdacontenido 
337 |a sin mediación  |b n  |2 rdamedio 
338 |a volumen  |b nc  |2 rdasoporte 
440 1 |a (Pre-Textos ;  |v 611.  |p Ensayo) 
500 |a Traducción de: Did Somebody Say Totalitarianism?. Five Interventions in the (Mis) use of a Notion 
649 |a XX 
650 |a Totalitarismo -  |x Tema Principal 
650 |a Estalinismo 
650 |a Nazismo 
650 |a Fascismo 
650 |a Comunismo 
650 |a Liberalismo 
650 |a Democracia 
650 |a Ideología 
650 |a Izquierda, La 
650 |a Poder (Ciencias Sociales) 
650 |a Modernidad y Posmodernidad 
650 |a Historicismo 
650 |a Filosofía 
650 |a Política 
650 |a Estructuralismo y Postestructuralismo 
650 |a Filosofía del Siglo XX 
650 |a Filosofía Eslovena 
650 |a Alemania -  |x Historia -  |y Tercer Reich, 1933-1945 
650 |a Rusia -  |x Historia -  |y URSS, 1922-1991 
650 |a Rusia -  |x Historia -  |y Régimen Stalinista, 1924-1953 
650 |a Hitler, Adolf 
650 |a Stalin, Joseph 
910 |a Fondo General 
920 |a Impresos - Libros 
930 |a Colección General 
905 |a 101 
901 |a 0500086662  |b IT1  |c ACC  |u 20250521 
902 |a https://opac.biblio.iteso.mx/vufind/Record/000154670